Biblioteca

Griego para Sancho : (Registro nro. 69300)

Detalles MARC
000 -LÍDER
Campo fijo de descripción fija 01869nam a2200325 i 4500
001 - NÚMERO DE CONTROL
Campo de control 768714001
003 - IDENTIFICADOR DEL NÚMERO DE CONTROL
Campo de control CO-MdFUSB
005 - FECHA Y HORA DE LA ULTIMA TRANSACCIÓN
control field 20240215113126.0
007 - CAMPO FIJO DE DESCRIPCIÓN FIJA--INFORMACIÓN GENERAL
Campo fijo de descripción fija ta
008 - ELEMENTOS DE LONGITUD FIJA -- INFORMACIÓN GENERAL
Campo fijo de descripción fija -- Información general 240214t2023 ck |||| |||| 00| 0 spa d
020 ## - NÚMERO INTERNACIONAL NORMALIZADO PARA LIBROS
Número Internacional Normalizado del libro 9781955182737
040 ## - FUENTE DE CATALOGACIÓN
Agencia de catalogación original CO-MdFUSB
Idioma de catalogación spa
Agencia que realiza la transcripción CO-MdFUSB
Agencia que realiza la modificación CO-MdFUSBC
Convenciones de la descripción rda
041 ## - CÓDIGO DE IDIOMA
Código de idioma para texto/pista de sonido o título separado spa
082 ## - NÚMERO DE CLASIFICACIÓN DECIMAL DEWEY
Número de la edición del Dewey 23
Número de clasificación 487.4
Clave de autor-Numero de item S4748gr
100 ## - ASIENTO PRINCIPAL--NOMBRE PERSONAL
Nombre personal Sendek, Elizabeth
Término relacionador autor
245 1# - TÍTULO
Título del Material Griego para Sancho :
Parte restante del título - Subtitulo una introducción al griego del Nuevo Testamento
Mención de responsabilidad, etc. / Elizabeth Sendek , Henry de Jesús Periñán
250 ## - MENCIÓN DE EDICIÓN
Mención de edición Tercera edición
264 #1 - PRODUCCIÓN, PUBLICACIÓN, DISTRIBUCIÓN, MANUFACTURA, Y COPYRIGHT
Nombre del productor, publicador, distribuidor Académica 21,
Lugar de producción, publicación, distribución, manufactura Medellín, Colombia :
Fecha de producción, publicación, distribución, manufactura, o copyright [2023]
264 #4 - PRODUCCIÓN, PUBLICACIÓN, DISTRIBUCIÓN, MANUFACTURA, Y COPYRIGHT
Nombre del productor, publicador, distribuidor Seminario Bíblico de Colombia,
Fecha de producción, publicación, distribución, manufactura, o copyright ©2023
300 ## - DESCRIPCIÓN FÍSICA
Extensión 325 páginas
Dimensiones ; 23 cm
336 ## - TIPO DE CONTENIDO
Fuente rdacontent
Término de tipo de contenido texto
Código de tipo de contenido txt
337 ## - TIPO DE MEDIO
Fuente rdamedia
Nombre del tipo de medio sin mediación
Código del tipo de medio n
338 ## - TIPO DE SOPORTE
Fuente rdacarrier
Nombre del tipo de soporte volumen
Código Tipo de soporte nc
505 ## - NOTA DE CONTENIDO
Nota de contenido con formato preestablecido Mapa general: la gramática. -- De alfa a omega: los sonidos y las letras del griego. -- Signos y divisiones: puntuación y silabación. -- ¡Cámara! ¡acción!: introducción al verbo griego. -- Acción en marcha: verbo presente activo indicativo. -- Cambios en segunda: sustantivos y artículos de la segunda declinación. -- Cambios en primera: sustantivos y artículos de la primera declinación. -- ¿Y cómo es él? adjetivos de la primera y segunda declinación. -- ¿Quién habla?: pronombres personales. -- Relaciones, relaciones: preposiciones. -- ¿Ser o no ser? Verbo presente activo indicativo. -- El paciente y el agente: Verbo: voces media y pasiva. -- El pasado en acción: Verbo imperfecto. -- Lo que ha de venir: Verbo futuro activo y medio. -- El juego de las vocales: verbos contractos. -- Este, ese, aquel: pronombres demostrativos.
563 ## - NOTA DE ENCUADERNACIÓN
Nota de encuadernación Rústico
650 #7 - ASIENTO SECUNDARIO DE MATERIA - TERMINO TEMÁTICO
Término temático o nombre geográfico como elemento de entrada Lengua griega
Fuente del encabezamiento o término embne
9 (RLIN) 7153
700 ## - ASIENTO SECUNDARIO - NOMBRE PERSONAL
Nombre personal Periñan, Henry de Jesús,
9 (RLIN) 9093
Responsabilidad autor
942 ## - TIPO DE MATERIAL (KOHA)
Tipo de Item KOHA Libros General
945 ## - INFORMACIÓN LOCAL DEL REGISTRO
Catalogador JTF-925
Existencias
Estado de Material Estado de Perdido Forma de Clasificación Estado de Dañado No para Préstamo Colección Biblioteca de Origen Biblioteca Permanente Fecha de Adquisición Total de Préstamos Signatura Topográfica Código de Barras Última vez visto Ejemplar/Existencia Fecha de Remplazo Tipo de Material Última vez Préstado Total de Renovaciones
    Dewey Decimal Classification     Colección General Biblioteca FUSBC Biblioteca FUSBC 14/02/2024   G 487.4 S4748gr 22313 05/11/2024 Ej. 1 14/02/2024 Libros Patrimoniales    
    Dewey Decimal Classification     Colección General Biblioteca FUSBC Biblioteca FUSBC 14/02/2024 3 G 487.4 S4748gr 22314 26/08/2025 Ej. 2 14/02/2024 Libros General 12/08/2025  
    Dewey Decimal Classification     Colección General Biblioteca FUSBC Biblioteca FUSBC 14/02/2024 2 G 487.4 S4748gr 22315 05/02/2026 Ej. 3 14/02/2024 Libros General 30/07/2024 5

Biblioteca FUSBC | Teléfono: (57+4) 349 88 10 Ext. 141| WhatsApp (+57) 3005338115 
E-mail: biblioteca@unisbc.edu.co | Calle 76 87-14 Robledo Palenque, Medellín, Colombia

Con tecnología Koha